Statistics for Geography by fruit

Click here to take the quiz!

General Stats

  • This quiz has been taken 715 times
  • The average score is 6 of 12

Answer Stats

HintAnswer% Correct
The Big AppleNew York City
98%
Country of the KiwisNew Zealand
90%
Chinese language that shares its name with a fruitMandarin
78%
The Peach StateGeorgia
73%
River between Namibia and South Africa and name of a citrusOrange River
65%
The avocado is the national fruit of this countryMexico
53%
This English county famous for its sauce, has pears on its flagWorcestershire
46%
Spanish city whose symbol is a pomegranateGranada
32%
The name of this region in the Balkans in some languages, like Italian or French, means a fruit saladMacedonia
18%
The scientific name of apricots alludes this country from which they originateArmenia
13%
Bananas and a coconut palm are in this country's coat of arms and flagFiji
7%
The Italian city that cantaloupes were named afterCantalupo in Sabina
4%

Score Distribution

Percentile by Number Answered

Percent of People with Each Score

Your Score History

You have not taken this quiz